000
00339 a2200157 4500
001
59464
020
_a
8526232169
040
_c
Anchieta - Pituba
100
_a
Jackson, Maud
240
1
0
_a
Robinson Crusoe
_l
Ing
245
1
0
_a
Robinson Crusoe
300
_a
129
362
0
_a
1997
650
4
_a
Literatura juvenil em inglês
942
_c
BK
999
_c
59464
_d
59464